Estudio comparado del sistema preventivo de lavado de activos implementado en: Perú, Chile, Colombia y México, entre 2000-2016

Gespeichert in:
Bibliographische Detailangaben
1. Verfasser: Rosales Morales, Cristian
Format: Buch
Sprache:Englisch
Veröffentlicht: ANEPE 2018
Schriftenreihe:Colección de Investigaciones ANEPE Nº 44
Schlagworte:
Tags: Tag hinzufügen
Keine Tags, Fügen Sie den ersten Tag hinzu!

MARC

LEADER 00000nam a22000007a 4500
003 CL-VaPUC
005 20231206094235.0
008 200120b ||||| |||| 00| 0 eng d
999 |c 377556  |d 377554 
040 |c Pontificia Universidad Católica de Valparaíso 
082 |a 345.0268 ROS 2018  
100 1 |a Rosales Morales, Cristian  |9 609642 
245 |a Estudio comparado del sistema preventivo de lavado de activos implementado en: Perú, Chile, Colombia y México, entre 2000-2016 
260 |b ANEPE  |c 2018 
300 |a 145 p. 
490 0 |a Colección de Investigaciones ANEPE Nº 44 
583 |c 20200120  |k Valeria Valenzuela 
650 0 0 |a LAVADO DE DINERO  |9 418443 
650 0 0 |a BLANQUEO DE CAPITALES  |9 609648 
650 0 0 |a Delitos económicos   |9 255899 
651 0 |a Perú  |9 256567 
651 |a CHILE  |9 609649 
651 0 |a Colombia  |9 256424 
651 0 |a México  |9 255269 
942 |2 ddc  |c BK 
952 |0 0  |1 0  |2 ddc  |4 0  |6 345_026800000000000_ROS_2018  |7 0  |9 497536  |a BIBDER  |b BIBDER  |d 2020-01-20  |i 561631K  |l 1  |o 345.0268 ROS 2018   |p 561631K  |r 2021-03-02  |s 2020-05-11  |t 1  |w 2020-01-20  |y BK  |k DER